Albums certifiés double diamant ou plus en France - Statistiques

Statistiques générales
  • Ce quiz a été pris 16 fois
  • Le résultat moyen est 5 sur 23
Statistiques - réponses
Certification Artiste Année de sortie Nom de l'album % Correct
Double diamant Ninho 2019 Destin
67%
Double diamant Nekfeu 2015 Feu
67%
Double diamant Damso 2017 Ipséité
67%
Double diamant Nekfeu 2019 Les Étoiles vagabondes
67%
Double diamant PNL 2019 Deux frères
60%
Double diamant Orelsan 2017 La fête est finie
47%
Quadruple diamant Stromae 2013 Racine carrée
47%
Double diamant Angèle 2018 Brol
20%
Double diamant Maître Gims 2018 Ceinture noire
20%
Double diamant Orelsan 2021 Civilisation
20%
Double diamant Ed Sheeran 2017 ÷
13%
Double diamant Soprano 2016 L'Everest
13%
Double diamant Daft Punk 2013 Random Access Memories
13%
Triple diamant Lady Gaga 2009 The Fame
13%
Double diamant Dadju 2017 Gentleman 2.0
7%
Triple diamant Kendji Girac 2014 Kendji
7%
Double diamant Louane 2015 Chambre 12
0%
Double diamant Thomas Dutronc 2007 Comme un manouche sans guitare
0%
Double diamant Kendji Girac 2015 Ensemble
0%
Double diamant Mika 2007 Life in Cartoon Motion
0%
Triple diamant Johnny Hallyday 2018 Mon pays c'est l'amour
0%
Double diamant Vitaa et Slimane 2019 Versus
0%
Double diamant Zaz 2010 Zaz
0%
Aucun quiz correspondant
Distribution des résultats
% des personnes avec chaque résultat
Percentile par nombre de réponses
Votre historique - résultats
Vous n’avez pas pris ce quiz